SAFETY MEASURES APPLIED BY THE BANKS TO ADDRESS THE ADVERSE EFFECTS OF IDENTITY THEFT (Record no. 77937)
[ view plain ]
| 000 -LEADER | |
|---|---|
| fixed length control field | 01669nam a22002657a 4500 |
| 003 - CONTROL NUMBER IDENTIFIER | |
| control field | URS |
| 005 - DATE AND TIME OF LATEST TRANSACTION | |
| control field | 20240416181809.0 |
| 008 - FIXED-LENGTH DATA ELEMENTS--GENERAL INFORMATION | |
| fixed length control field | 240308b |||||||| |||| 00| 0 eng d |
| 050 00 - LIBRARY OF CONGRESS CALL NUMBER | |
| Classification number | LG 221.R59 F3919 |
| Item number | 2015 |
| 100 ## - MAIN ENTRY--PERSONAL NAME | |
| Personal name | Fernando, Maribeth V. |
| Relator term | Researcher |
| 245 ## - TITLE STATEMENT | |
| Title | SAFETY MEASURES APPLIED BY THE BANKS TO ADDRESS THE ADVERSE EFFECTS OF IDENTITY THEFT |
| Statement of responsibility, etc. | Jerome C. Gruta; Jennifer U. Sales |
| 264 #1 - PRODUCTION, PUBLICATION, DISTRIBUTION, MANUFACTURE, AND COPYRIGHT NOTICE | |
| Date of production, publication, distribution, manufacture, or copyright notice | 2015 |
| 300 ## - PHYSICAL DESCRIPTION | |
| Extent | viii, 88 leaves |
| Other physical details | illustrations |
| Dimensions | 28 cm |
| 336 ## - CONTENT TYPE | |
| Source | rdacontent |
| Content type term | text |
| 337 ## - MEDIA TYPE | |
| Source | rdamedia |
| Media type term | unmediated |
| 338 ## - CARRIER TYPE | |
| Source | rdacarrier |
| Carrier type term | volume |
| 502 ## - DISSERTATION NOTE | |
| Dissertation note | Undergraduate Thesis |
| Degree type | Bachelor of Science in Business Administration Major in Financial Management |
| Name of granting institution | University of Rizal System, Rodriguez, Rizal |
| Year degree granted | 2015 |
| 520 ## - SUMMARY, ETC. | |
| Summary, etc. | This study aimed to know the safety measures applied by the banks to address the adverse effects of identity theft. The subject of the study focused on the safety measures implemented by the banks in San Jose Rodriguez Rizal. The respondents were the 30 depositors, including the employees of 4 banks, with the total of 120 depositors and randomly selected by the researchers. The research instruments used were the questionnaire-checklist which was validated by the experts before the reproduction and distribution to the respective respondents. The researchers used Descriptive Method in the data-collection and gathering of information. |
| 648 ## - SUBJECT ADDED ENTRY--CHRONOLOGICAL TERM | |
| Source of heading or term | Applied Safety Measures |
| 700 ## - ADDED ENTRY--PERSONAL NAME | |
| Personal name | Researcher |
| Relator term | Researcher |
| 700 ## - ADDED ENTRY--PERSONAL NAME | |
| Personal name | Researcher |
| Relator term | Researcher |
| 700 ## - ADDED ENTRY--PERSONAL NAME | |
| Personal name | Hector R. Rubiales II |
| Relator term | Adviser |
| 856 ## - ELECTRONIC LOCATION AND ACCESS | |
| Materials specified | Online Request for Student Unpublished Works |
| Uniform Resource Identifier | <a href="https://forms.gle/7LqvGGkaDrUQqz429">https://forms.gle/7LqvGGkaDrUQqz429</a> |
| 942 ## - ADDED ENTRY ELEMENTS (KOHA) | |
| Source of classification or shelving scheme | Library of Congress Classification |
| Koha item type | Theses and dissertations |
No items available.